| 000 | 00582nam a2200181 i 4500 | ||
|---|---|---|---|
| 001 | 40182 | ||
| 003 | ES-MaACL | ||
| 005 | 20230906160145.0 | ||
| 007 | t| | ||
| 008 | 030305s1903 fr ||||1| fre d | ||
| 100 | 1 |
_aCarnegie, Andrew. _935359 |
|
| 245 | 1 | 2 |
_aL'empire des affaires / _cpar Andrew Carnegie ; traduit de l'anglais par Arthur Maillet ; préface de Gabriel Bonvalot. |
| 260 |
_a[S.l. : _bs.n., _c1903?] ( _eLagny : _fE. Grevin) |
||
| 300 |
_a317 p. ; _c18 cm. |
||
| 700 | 1 |
_aMaillet, Arthur. _975580 |
|
| 700 | 1 |
_aBonvalot, Gabriel. _930315 |
|
| 852 |
_aES-MaACL _jF-8472 |
||
| 999 |
_c40182 _d40182 |
||